[Event "HUN-chT2 Toth 1112"]
[Site "Hungary"]
[Date "2011.11.13"]
[Round "3.10"]
[White "Szalaji, Renata"]
[Black "Varsanyi, Gabor"]
[Result "0-1"]
[WhiteElo "1912"]
[BlackElo "1807"]
[PlyCount "94"]
[EventDate "2011.09.25"]
[EventType "team-tourn"]
[EventRounds "11"]
[EventCountry "HUN"]
[SourceTitle "EXT 2013"]
[Source "ChessBase"]
[SourceDate "2012.11.22"]
[SourceVersion "1"]
[SourceVersionDate "2012.11.22"]
[SourceQuality "1"]
[WhiteTeam "Mako"]
[BlackTeam "Maroczy II"]
[WhiteTeamCountry "HUN"]
[BlackTeamCountry "HUN"]

1. e4 c6 2. Nc3 d5 3. Nf3 Bg4 4. exd5 cxd5 5. d4 Nc6 6. Be2 e6 7. Be3 Bd6 8. 0-0 a6 9. h3 Bxf3 10. Bxf3 Nge7 11. Re1 0-0 12. Rb1 Nf5 13. Qd2 Rc8 14. Bg4 Nxe3 15. Qxe3 Na5 16. Rec1 Nc4 17. Qd3 Qa5 18. Ne2 f5 19. Bf3 Nd2 20. Ra1 b5 21. a3 Ne4 22. Qb3 Qc7 23. Qd3 g5 24. a4 Bh2+ 25. Kf1 Bf4 26. Nxf4 Qxf4 27. Kg1 g4 28. Bxe4 fxe4 29. Qg3 Qxg3 30. fxg3 b4 31. h4 a5 32. c3 bxc3 33. Rxc3 Rxc3 34. bxc3 Rc8 35. Ra3 Rb8 36. Kf2 Rb2+ 37. Kf1 h5 38. Kg1 Kf7 39. Kf1 Kf6 40. Kg1 Kf5 41. Kf1 Kf6 42. Kg1 Kg6 43. Kf1 Kf5 44. Kg1 e3 45. Kf1 Ke4 46. Kg1 Rb1+ 47. Kh2 e2 0-1